| 000 | 00515nam a22001457a 4500 | ||
|---|---|---|---|
| 003 | NUST | ||
| 082 | _a621 | ||
| 100 |
_a Saeed , Owais _9122211 |
||
| 245 |
_aEffectiveness of Passive Adaptation Measures Against Climate Change for Buildings in Hot, Humid and Desert Climate / _cOwais Saeed |
||
| 264 |
_aIslamabad: _bSMME- NUST. _c2020. |
||
| 300 |
_a75p. ; _bSoft Copy, _c30cm. |
||
| 700 |
_aSupervisor : Dr. Zaib Ali _9119496 |
||
| 856 | _uhttp://10.250.8.41:8080/xmlui/handle/123456789/13152 | ||
| 942 |
_2ddc _cTHE |
||
| 999 |
_c608746 _d608746 |
||